[Event "Sicilian Accelerated Dragon Tournament"]
[Site "SchemingMind.com"]
[Date "2009.08.26"]
[Round "-"]
[White "alvaro"]
[Black "XTC"]
[Result "0-1"]
[WhiteCountry "URU"]
[BlackCountry "COL"]
[WhiteElo "1836"]
[WhiteRD "71"]
[BlackElo "1628"]
[BlackRD "56"]
[GameID "217089"]

1. e4 c5 2. Nf3 Nc6 3. d4 cxd4 4. Nxd4 g6 5. Nc3 Bg7 6. Be3 Nf6 7. Be2 d6 8. O-O O-O 9. Qd2 Bd7 10. Bh6 Bxh6
11. Qxh6 Nxd4 12. Bd3 e5 13. Rfd1 Qb6 14. b3 Ng4 15. Qd2 f5 16. Nd5 Qd8 17. f3 Nf6 18. Ne3 Rc8 19. a4 Nh5 20. Nd5 Bc6
21. Ne3 Nf4 22. Bc4+ Kg7 23. exf5 gxf5 24. Bf1 Bxf3 25. Re1 Qg5 26. Kh1 Be4 27. Qb4 Rfd8 28. c4 b6 29. Ra2 h5 30. Nd1 Nc2
31. Rxc2 Bxc2 32. Ne3 Nd3 33. Bxd3 Bxd3 34. Qd2 Be4 35. Rf1 f4 36. Nd1 Qg4 37. Nc3 Bc6 38. Nd5 Bxd5 39. Qxd5 Qe2 40. Rg1 Rc7
41. g4 hxg4 42. Qe6 g3 43. Qf5 Qxh2#
0-1

[Event "Sicilian Accelerated Dragon Tournament"]
[Site "SchemingMind.com"]
[Date "2009.08.25"]
[Round "-"]
[White "XTC"]
[Black "alvaro"]
[Result "0-1"]
[WhiteCountry "COL"]
[BlackCountry "URU"]
[WhiteElo "1605"]
[WhiteRD "70"]
[BlackElo "1852"]
[BlackRD "72"]
[GameID "217090"]

1. e4 c5 2. Nf3 Nc6 3. d4 cxd4 4. Nxd4 g6 5. c4 Bg7 6. Nxc6 bxc6 7. Be2 Ba6 8. Bd2 Bxb2 9. Bc3 Bxa1 10. Bxa1 Nf6
11. Bxf6 exf6 12. Qd4 O-O 13. O-O d5 14. exd5 cxd5 15. Qc5 dxc4 16. Bf3 Rc8 17. Qxa7 c3 18. Qxa6 c2 19. Be4 c1=Q
0-1

[Event "Sicilian Accelerated Dragon Tournament"]
[Site "SchemingMind.com"]
[Date "2009.08.26"]
[Round "-"]
[White "echecs"]
[Black "XTC"]
[Result "1-0"]
[WhiteCountry "ENG"]
[BlackCountry "COL"]
[WhiteElo "1816"]
[WhiteRD "58"]
[BlackElo "1628"]
[BlackRD "56"]
[GameID "217395"]

1. e4 c5 2. Nf3 Nc6 3. d4 cxd4 4. Nxd4 g6 5. c4 Bg7 6. Be3 Nh6 7. Nc3 O-O 8. Be2 f5 9. exf5 Bxd4 10. Bxh6 Rxf5
11. O-O e5 12. Bf3 d6 13. g4 Rf7 14. Bd5 Qh4 15. Bxf7+ Kxf7 16. Qf3+ Qf6 17. Qxf6+ Kxf6 18. Ne4+ Ke7 19. Bg5+ Ke6 20. Rad1 d5
21. cxd5+ Kxd5 22. Nf6+ Kd6 23. h3 h5 24. Kg2 hxg4 25. Nxg4 Bxg4 26. hxg4 Ke6 27. b3 Nb4 28. Rd2 Rc8 29. Re1 Nc6 30. Ree2 Kf7
31. Rc2 Re8 32. f4 exf4 33. Bxf4 Rxe2+ 34. Rxe2 Nb4 35. Rd2 Nc6 36. Kg3 Be5 37. Rd7+
1-0

[Event "Sicilian Accelerated Dragon Tournament"]
[Site "SchemingMind.com"]
[Date "2009.08.25"]
[Round "-"]
[White "echecs"]
[Black "alvaro"]
[Result "1-0"]
[WhiteCountry "ENG"]
[BlackCountry "URU"]
[WhiteElo "1816"]
[WhiteRD "58"]
[BlackElo "1836"]
[BlackRD "71"]
[GameID "217396"]

1. e4 c5 2. Nf3 Nc6 3. d4 cxd4 4. Nxd4 g6 5. c4 Bg7 6. Be3 e5 7. Nb5 Bf8 8. N1c3 a6 9. Nd6+ Bxd6 10. Qxd6 Qe7
11. Bc5 Nf6 12. Qxe7+ Nxe7 13. Bd3 b6 14. Bd6 Nc6 15. Nd5 Nxd5 16. cxd5 Ne7 17. Bxe5 O-O 18. Bd4 b5 19. Bc5 Re8 20. O-O Bb7
21. f3 Nc8 22. a4 Na7 23. Bxa7 Rxa7 24. axb5 a5 25. b6 Raa8 26. Rfc1 Rec8 27. Rxc8+ Bxc8 28. b4 a4 29. Ra3 d6 30. Bb5 Rb8
31. Bc6 Rxb6 32. Rxa4 Bb7 33. b5 Kg7 34. h3 Kf6 35. Ra7 Bxc6 36. bxc6 Rb8 37. Rd7
1-0

[Event "Sicilian Accelerated Dragon Tournament"]
[Site "SchemingMind.com"]
[Date "2009.08.26"]
[Round "-"]
[White "XTC"]
[Black "echecs"]
[Result "0-1"]
[WhiteCountry "COL"]
[BlackCountry "ENG"]
[WhiteElo "1605"]
[WhiteRD "70"]
[BlackElo "1802"]
[BlackRD "61"]
[GameID "217397"]

1. e4 c5 2. Nf3 Nc6 3. d4 cxd4 4. Nxd4 g6 5. Nc3 Bg7 6. Be3 Nf6 7. Bc4 O-O 8. Bb3 d6 9. f3 Bd7 10. Qd2 Nxd4
11. Bxd4 b5 12. a3 a6 13. O-O Nh5 14. Bxg7 Kxg7 15. f4 Kh8 16. f5 Nf6 17. Qd4 Kg8 18. fxg6 hxg6 19. e5 dxe5 20. Qxe5 Qb6+
21. Kh1 Rac8 22. Qxe7 Bf5 23. Rad1 Ng4 24. Rd2 Rce8 25. Qg5 Nf2+ 26. Rdxf2 Qxf2 27. Qc1 Qh4 28. Nd5 Re2 29. Nf4 Rf2 30. g3 Qxh2#
0-1

[Event "Sicilian Accelerated Dragon Tournament"]
[Site "SchemingMind.com"]
[Date "2009.08.26"]
[Round "-"]
[White "alvaro"]
[Black "echecs"]
[Result "1-0"]
[WhiteCountry "URU"]
[BlackCountry "ENG"]
[WhiteElo "1852"]
[WhiteRD "72"]
[BlackElo "1802"]
[BlackRD "61"]
[GameID "217398"]

1. e4 c5 2. Nf3 Nc6 3. d4 cxd4 4. Nxd4 g6 5. Nc3 Bg7 6. Be3 Nf6 7. Be2 O-O 8. Qd2 d5 9. Nxc6 bxc6 10. exd5 cxd5
11. Bh6 e6 12. Bxg7 Kxg7 13. O-O-O Qb6 14. f3 Ba6 15. h4 Bxe2 16. Nxe2 Kg8 17. Ng3 h5 18. Rh3 Nd7 19. Nxh5 f5 20. Qh6 gxh5
21. Qg6+ Kh8 22. Rg3 Qe3+ 23. Kb1
1-0

[Event "Sicilian Accelerated Dragon Tournament"]
[Site "SchemingMind.com"]
[Date "2009.08.26"]
[Round "-"]
[White "chessleon"]
[Black "XTC"]
[Result "0-1"]
[WhiteCountry "NED"]
[BlackCountry "COL"]
[WhiteElo "1472"]
[WhiteRD "84"]
[BlackElo "1628"]
[BlackRD "56"]
[GameID "217520"]

1. e4 c5 2. Nf3 Nc6 3. d4 cxd4 4. Nxd4 g6 5. Be3 Nf6 6. Nc3 Bg7 7. Nxc6 bxc6 8. e5 Nd5 9. Nxd5 cxd5 10. Qxd5 Rb8
11. Bc4 O-O 12. Bb3 Bb7 13. Qd2 a6 14. O-O Bxe5 15. c3 Qc7 16. f4 Bd6 17. Rac1 e6 18. Rcd1 Bc5 19. Kh1 Bxe3 20. Qxe3 Bc6
21. Rd2 Qa5 22. Rfd1 d5 23. c4 Rfe8 24. cxd5 Bxd5 25. Bxd5 exd5 26. Qd4 Qxa2 27. b4 Qc4 28. Qxd5 Qxd5 29. Rxd5 Rxb4 30. f5 Rbe4
31. h3 Re1+ 32. Rxe1 Rxe1+ 33. Kh2 gxf5 34. Rxf5 Ra1 35. Kg3 a5 36. Kf3 a4 37. Ke3 a3 38. Rg5+ Kf8 39. Kd2 Ra2+ 40. Kc3 f6
41. Ra5 Rxg2 42. Rxa3 Rg3+ 43. Kb4 Rxa3 44. Kxa3 Kg7 45. Kb3 Kg6 46. Kc3 Kf5 47. Kd3 Kf4 48. Ke2 Kg3 49. Ke3 f5 50. h4 f4+
51. Ke2 Kg2
0-1

[Event "Sicilian Accelerated Dragon Tournament"]
[Site "SchemingMind.com"]
[Date "2009.08.26"]
[Round "-"]
[White "chessleon"]
[Black "echecs"]
[Result "0-1"]
[WhiteCountry "NED"]
[BlackCountry "ENG"]
[WhiteElo "1544"]
[WhiteRD "90"]
[BlackElo "1802"]
[BlackRD "61"]
[GameID "217521"]

1. e4 c5 2. Nf3 Nc6 3. d4 cxd4 4. Nxd4 g6 5. Be3 Bg7 6. Nc3 Nf6 7. Be2 O-O 8. f4 d6 9. O-O Qb6 10. Qd2 Ng4
11. Bxg4 Bxg4 12. h3 Bxd4 13. Bxd4 Nxd4 14. hxg4 Nf3+
0-1

[Event "Sicilian Accelerated Dragon Tournament"]
[Site "SchemingMind.com"]
[Date "2009.08.26"]
[Round "-"]
[White "chessleon"]
[Black "alvaro"]
[Result "0-1"]
[WhiteCountry "NED"]
[BlackCountry "URU"]
[WhiteElo "1472"]
[WhiteRD "84"]
[BlackElo "1836"]
[BlackRD "71"]
[GameID "217522"]

1. e4 c5 2. Nf3 Nc6 3. d4 cxd4 4. Nxd4 g6 5. Be3 Bg7 6. Nc3 Nf6 7. Be2 e5 8. Ndb5 O-O 9. Bc5 Ne7 10. Qd6 b6
11. Qxe7 bxc5 12. Qxc5 Qb6 13. Qxb6 axb6 14. Nc7 Rb8 15. N7d5 Nxd5 16. Nxd5 f5 17. Bc4 Kh8 18. O-O fxe4 19. Rae1 d6 20. Rxe4 Bf5
21. Re2 Be6 22. Nxb6 Bf5 23. Nd5 Rfc8 24. Bb3 Bd7 25. Rd1 Bf8 26. Nf6 Bc6 27. Re3 Be7 28. Ng4 Kg7 29. Rc3 Bd7 30. Ne3 Rxc3
31. bxc3 h5 32. h3 Bc6 33. Nc4 Rd8 34. Ne3 Bf8 35. c4 Be7 36. a4 Kf6 37. g4 Rh8 38. Nd5+ Bxd5 39. Rxd5 Kg5 40. gxh5 Rxh5
41. c5 Rxh3 42. cxd6 Bf6 43. d7 Rh8 44. Rd6 Rb8 45. Bc4 Bd8 46. Bf7 Bf6 47. c4 e4 48. Re6 Bd8 49. Rxg6+ Kf4 50. Re6 Kf3
51. Bg6 Rb1+ 52. Kh2 Bc7+ 53. Kh3 Rh1#
0-1

[Event "Sicilian Accelerated Dragon Tournament"]
[Site "SchemingMind.com"]
[Date "2009.08.29"]
[Round "-"]
[White "XTC"]
[Black "chessleon"]
[Result "1-0"]
[WhiteCountry "COL"]
[BlackCountry "NED"]
[WhiteElo "1628"]
[WhiteRD "56"]
[BlackElo "1472"]
[BlackRD "84"]
[GameID "217523"]

1. e4 c5 2. Nf3 Nc6 3. d4 cxd4 4. Nxd4 g6 5. c4 Bg7 6. Nb3 Nf6 7. Nc3 a6 8. Be2 e6 9. Bg5 O-O 10. O-O Qc7
11. f4 d6 12. Qc2 Bd7 13. Bh4 Rfe8 14. Rae1 Nb4 15. Qb1 a5 16. a3 Na6 17. Nd4 Nc5 18. e5 dxe5 19. Ndb5 Bxb5 20. Nxb5 Qb6
21. fxe5 Nfd7 22. Bf6 Nxe5 23. Bxg7 Kxg7 24. Rd1 Rad8 25. Kh1 Nc6 26. b4 axb4 27. axb4 Nd7 28. Qa1+ e5 29. c5 Qa6 30. Qb2 f6
31. Ra1 Qxa1 32. Rxa1 b6 33. cxb6 Nxb6 34. h3 Nd4 35. Ra7+ Kf8 36. Nxd4 Rxd4 37. Rxh7 Kg8 38. Ra7 Red8 39. Qb3+ Kh8 40. Qf7 R4d7
41. Qxf6+ Kg8 42. Qxg6+ Kf8 43. Qxb6 Ke7 44. Rxd7+ Rxd7 45. Qc5+ Rd6 46. Qxe5+ Re6 47. Qc5+ Kf6 48. Bc4 Re1+ 49. Kh2
1-0

[Event "Sicilian Accelerated Dragon Tournament"]
[Site "SchemingMind.com"]
[Date "2009.08.29"]
[Round "-"]
[White "echecs"]
[Black "chessleon"]
[Result "1-0"]
[WhiteCountry "ENG"]
[BlackCountry "NED"]
[WhiteElo "1816"]
[WhiteRD "58"]
[BlackElo "1472"]
[BlackRD "84"]
[GameID "217524"]

1. e4 c5 2. Nf3 Nc6 3. d4 cxd4 4. Nxd4 g6 5. c4 Bg7 6. Be3 d6 7. Nc3 Nf6 8. Be2 Bd7 9. O-O a6 10. a3 O-O
11. Rc1 Nxd4 12. Bxd4 Bc6 13. Bf3 e6 14. Re1 d5 15. cxd5 exd5 16. exd5 Bd7 17. Bc5 Re8 18. a4 Qc7 19. Rxe8+ Rxe8 20. Bd4 Bf5
21. Ne4 Qa5 22. Nxf6+ Bxf6 23. Bxf6 Qb6 24. Qd4 Qxd4 25. Bxd4 Bd3 26. Be3 f5 27. g3 Be4 28. Bxe4 Rxe4 29. d6 Re6 30. d7 Rd6
31. Rc8+
1-0

[Event "Sicilian Accelerated Dragon Tournament"]
[Site "SchemingMind.com"]
[Date "2009.08.29"]
[Round "-"]
[White "alvaro"]
[Black "chessleon"]
[Result "1-0"]
[WhiteCountry "URU"]
[BlackCountry "NED"]
[WhiteElo "1836"]
[WhiteRD "71"]
[BlackElo "1472"]
[BlackRD "84"]
[GameID "217525"]

1. e4 c5 2. Nf3 Nc6 3. d4 cxd4 4. Nxd4 g6 5. Nc3 Bg7 6. Be3 d6 7. Be2 Nf6 8. f3 Bd7 9. O-O O-O 10. Qd2 a6
11. Nxc6 bxc6 12. Rad1 Qc7 13. e5 dxe5 14. Na4 Be6 15. b3 Nd5 16. Bf2 Nf4 17. Nc5 Bf5 18. Nxa6 Qc8 19. Nc5 Nxe2+ 20. Qxe2 Rxa2
21. Ne4 Bxe4 22. Qxe4 Qa6 23. c4 f5 24. Qd3 Ra5 25. Rb1 Qa8 26. Rfd1 c5 27. Qd2 Ra2 28. Qd3 e4 29. Qd7 Ra7 30. Qe6+ Kh8
31. fxe4 Ra6 32. Qxe7 Re8 33. Qh4 Qxe4 34. Qxe4 fxe4 35. Bxc5 e3 36. Bxe3 Rxe3 37. Rd8+ Bf8 38. Rxf8+ Kg7 39. Rf2 Rb6 40. b4 Re4
41. Rc2 Kf6 42. b5 Ke6 43. c5 Rb8 44. c6 Re5 45. c7 Rc8 46. b6 Kd7 47. b7
1-0

[Event "Sicilian Accelerated Dragon Tournament"]
[Site "SchemingMind.com"]
[Date "2009.08.27"]
[Round "-"]
[White "Black Knight"]
[Black "XTC"]
[Result "0-1"]
[WhiteCountry "USA"]
[BlackCountry "COL"]
[WhiteElo "1420"]
[WhiteRD "74"]
[BlackElo "1628"]
[BlackRD "56"]
[GameID "217673"]

1. e4 c5 2. Nf3 Nc6 3. d4 cxd4 4. Nxd4 g6 5. Bb5 Bg7 6. c3 Nxd4 7. cxd4 a6 8. Ba4 b5 9. Bb3 Qb6 10. Be3 Bb7
11. d5 Qc7 12. O-O Bxb2 13. Nd2 Bxa1 14. Qxa1 f6 15. Rc1 Qd8 16. e5 Rc8 17. exf6 Rxc1+ 18. Qxc1 Nxf6 19. Bd4 Rf8 20. d6 exd6
21. Qe1+ Qe7 22. Qxe7+ Kxe7 23. Nf3 Bxf3 24. gxf3 Nh5 25. Kg2 Nf4+
0-1

[Event "Sicilian Accelerated Dragon Tournament"]
[Site "SchemingMind.com"]
[Date "2009.08.29"]
[Round "-"]
[White "Black Knight"]
[Black "echecs"]
[Result "0-1"]
[WhiteCountry "USA"]
[BlackCountry "ENG"]
[WhiteElo "1437"]
[WhiteRD "69"]
[BlackElo "1802"]
[BlackRD "61"]
[GameID "217674"]

1. e4 c5 2. Nf3 Nc6 3. d4 cxd4 4. Nxd4 g6 5. Bb5 Bg7 6. c3 Nxd4 7. cxd4 Qb6 8. Nc3 Bxd4 9. Be2 Bxf2+ 10. Kf1 Bh4
11. g3 Bf6 12. Qd3 d6 13. Nd5 Qc6 14. Kg2 Bg7 15. Qb3 Bd7 16. Bc4 e6 17. Nb4 Qxe4+
0-1

[Event "Sicilian Accelerated Dragon Tournament"]
[Site "SchemingMind.com"]
[Date "2009.08.29"]
[Round "-"]
[White "Black Knight"]
[Black "chessleon"]
[Result "0-1"]
[WhiteCountry "USA"]
[BlackCountry "NED"]
[WhiteElo "1372"]
[WhiteRD "63"]
[BlackElo "1526"]
[BlackRD "85"]
[GameID "217675"]

1. e4 c5 2. Nf3 Nc6 3. d4 cxd4 4. Nxd4 g6 5. Bb5 Bg7 6. O-O Nxd4 7. Bc4 e6 8. Be3 Nc6 9. Nc3 Nge7 10. f3 O-O
11. Qe2 a6 12. Rad1 b5 13. Bb3 b4 14. Na4 Bb7 15. Nb6 Rb8 16. Rxd7 Qe8 17. Rd6 Rd8 18. Rxd8 Qxd8 19. Rd1 Qe8 20. Nd7 Qc8
21. Nxf8 Kxf8 22. c3 bxc3 23. bxc3 Bxc3 24. Qd3 Nb4 25. Qd7 Nec6 26. Ba4 Qxd7 27. Rxd7 Na5 28. Bc5+ Kg7 29. Bd4+ Bxd4+ 30. Rxd4 Nxa2
31. Rd7 Bc6 32. Bxc6 Nxc6 33. Rd6 Nab4 34. Kf2 a5 35. Rd1 Kf6 36. f4 e5 37. Rd6+ Ke7 38. fxe5 Nxe5 39. Rb6 Nc4 40. Rb7+ Kf6
41. Rc7 Nd2 42. Ke3 Nf1+ 43. Kd4 Nxh2 44. e5+ Ke6 45. Rc5 Ng4 46. g3 f6 47. exf6 Nxf6 48. Kc4 Nfd5 49. Rxa5 h5 50. Ra1 Nc2
51. Rd1 Nce3+
0-1

[Event "Sicilian Accelerated Dragon Tournament"]
[Site "SchemingMind.com"]
[Date "2009.08.27"]
[Round "-"]
[White "Black Knight"]
[Black "alvaro"]
[Result "0-1"]
[WhiteCountry "USA"]
[BlackCountry "URU"]
[WhiteElo "1437"]
[WhiteRD "69"]
[BlackElo "1852"]
[BlackRD "72"]
[GameID "217676"]

1. e4 c5 2. Nf3 Nc6 3. d4 cxd4 4. Nxd4 g6 5. Bb5 Bg7 6. Be3 Nf6 7. Bxc6 bxc6 8. e5 Nd5 9. O-O Bxe5 10. c3 Rb8
11. b4 Qc7 12. Nf3 Ba6 13. Re1 Nxc3 14. Nxc3 Bxc3 15. Rc1 Bxe1 16. Qxe1 d5 17. g3 f6 18. Nd4 Bc4 19. Ne6 Qe5 20. Bf4 Qxe1+
21. Rxe1 Rxb4 22. a3 Rb2 23. Nc5 Kf7 24. Bd2 Rxd2
0-1

[Event "Sicilian Accelerated Dragon Tournament"]
[Site "SchemingMind.com"]
[Date "2009.08.28"]
[Round "-"]
[White "XTC"]
[Black "Black Knight"]
[Result "1-0"]
[WhiteCountry "COL"]
[BlackCountry "USA"]
[WhiteElo "1679"]
[WhiteRD "53"]
[BlackElo "1406"]
[BlackRD "70"]
[GameID "217677"]

1. e4 c5 2. Nf3 Nc6 3. d4 cxd4 4. Nxd4 g6 5. Be3 Nxd4 6. Bxd4 f6 7. Nc3 e5 8. Be3 Bb4 9. Qd2 Ne7 10. Bc4 d5
11. Bxd5 Bxc3 12. Qxc3 Nxd5 13. exd5 Qxd5 14. O-O O-O 15. b3 Be6 16. Qc7 Rf7 17. Qc3 Rc8 18. Qd3 Qc6 19. c4 a6 20. h3 Rd7
21. Qe2 b5 22. cxb5 Qxb5 23. Qxb5 axb5 24. Rac1 Rcd8 25. Bb6 Rb8 26. Rc6 Kf7 27. Rfc1 Ke7 28. Rc7
1-0

[Event "Sicilian Accelerated Dragon Tournament"]
[Site "SchemingMind.com"]
[Date "2009.08.29"]
[Round "-"]
[White "echecs"]
[Black "Black Knight"]
[Result "1-0"]
[WhiteCountry "ENG"]
[BlackCountry "USA"]
[WhiteElo "1816"]
[WhiteRD "58"]
[BlackElo "1420"]
[BlackRD "74"]
[GameID "217678"]

1. e4 c5 2. Nf3 Nc6 3. d4 cxd4 4. Nxd4 g6 5. c4 Nxd4 6. Qxd4 Nf6 7. Nc3 d6 8. Be2 e5 9. Qd1 Be7 10. O-O O-O
11. Bh6 Re8 12. Qc2 Bg4 13. f3 Be6 14. Nd5 Bxd5 15. cxd5 Rc8 16. Qa4 a5 17. Kh1 Qc7 18. Rac1 Qb6 19. Rb1 Rc2 20. Qxc2 Nd7
21. a3 Nc5 22. Be3 Kg7 23. b4
1-0

[Event "Sicilian Accelerated Dragon Tournament"]
[Site "SchemingMind.com"]
[Date "2009.08.29"]
[Round "-"]
[White "chessleon"]
[Black "Black Knight"]
[Result "1-0"]
[WhiteCountry "NED"]
[BlackCountry "USA"]
[WhiteElo "1466"]
[WhiteRD "80"]
[BlackElo "1406"]
[BlackRD "70"]
[GameID "217679"]

1. e4 c5 2. Nf3 Nc6 3. d4 cxd4 4. Nxd4 g6 5. c4 Nxd4 6. Qxd4 f6 7. Nc3 e5 8. Qd1 Bc5 9. Be2 Ne7 10. Nd5 Nxd5
11. cxd5 Qb6 12. O-O d6 13. Qc2 Bd7 14. Bh6 g5 15. Bg7 Rg8 16. Bxf6 Rf8 17. Bxg5 Rc8 18. Bh5+ Rf7 19. Bxf7+ Kxf7 20. Qe2 Rf8
21. Qh5+ Kg8 22. Bh6 Rxf2 23. Qg5+ Kf7 24. Qg7+ Ke8 25. Rxf2 Kd8 26. Bg5+ Kc7 27. Qf8
1-0

[Event "Sicilian Accelerated Dragon Tournament"]
[Site "SchemingMind.com"]
[Date "2009.08.28"]
[Round "-"]
[White "alvaro"]
[Black "Black Knight"]
[Result "1-0"]
[WhiteCountry "URU"]
[BlackCountry "USA"]
[WhiteElo "1865"]
[WhiteRD "74"]
[BlackElo "1406"]
[BlackRD "70"]
[GameID "217680"]

1. e4 c5 2. Nf3 Nc6 3. d4 cxd4 4. Nxd4 g6 5. Nc3 Nxd4 6. Qxd4 f6 7. f4 e6 8. Be2 Ne7 9. Qxf6 Rg8 10. Qh4 Rg7
11. g4 Nc6 12. Qxd8+ Nxd8 13. Nb5 d6 14. Nc7+ Rxc7 15. c3 Nf7 16. Bd2 Bd7 17. h4 O-O-O 18. h5 d5 19. hxg6 hxg6 20. e5 Re8
21. g5 Bc6 22. Rh4 Nd8 23. O-O-O a6 24. Bd3 Be7 25. Bxg6 Rf8 26. Rh6 Nf7 27. Bxf7 Rxf7 28. Rxe6 Bd7 29. Rh6 Bf8 30. Rh2 Be7
31. g6 Rg7 32. Rh7 Rxg6 33. Rxe7 Re6 34. Rxe6 Bxe6 35. Be3 Re7 36. Bb6 Rd7 37. Rh1 Rf7 38. Rh6 Bg4 39. Rd6 Rd7 40. Rg6 Bf5
41. Rg8+
1-0

[Event "Sicilian Accelerated Dragon Tournament"]
[Site "SchemingMind.com"]
[Date "2009.09.04"]
[Round "-"]
[White "Schaakmaatje"]
[Black "XTC"]
[Result "1-0"]
[WhiteCountry "NED"]
[BlackCountry "COL"]
[WhiteElo "1725"]
[WhiteRD "50"]
[BlackElo "1679"]
[BlackRD "53"]
[GameID "217978"]

1. e4 c5 2. Nf3 Nc6 3. d4 cxd4 4. Nxd4 g6 5. c4 Bg7 6. Nb3 Nf6 7. Nc3 d6 8. Be2 Be6 9. O-O h5 10. f4 Qb6+
11. Kh1 Bg4 12. Nd5 Nxd5 13. exd5 Bxe2 14. Qxe2 Nd4 15. Nxd4 Bxd4 16. f5 gxf5 17. Rxf5 h4 18. Bg5 Be5 19. Raf1 Rh7 20. Rxf7 Rxf7
21. Qh5 Bf6 22. Bxf6 exf6 23. Rxf6 Qb4 24. Qxf7+ Kd8 25. Qf8+ Kc7 26. Qe7+ Kb6 27. Qxd6+ Ka5 28. Qxb4+ Kxb4 29. Rf4 Rh8 30. Kg1 Kc5
31. a3 a5 32. b3 b6 33. Kf2 b5 34. g4 hxg3+ 35. hxg3 Rh2+ 36. Kf1 bxc4 37. Rxc4+ Kxd5 38. Ra4 Rh1+ 39. Kg2 Rb1 40. Rxa5+ Ke4
41. b4 Rb2+ 42. Kh3 Rb3 43. b5 Kf3 44. Ra4 Kf2 45. Rf4+ Ke3 46. a4 Kd3 47. Kh4 Ke3 48. Kg5 Rd3 49. b6 Rd5+ 50. Rf5 Rd8
51. a5 Rg8+ 52. Kh4 Rh8+ 53. Rh5 Rg8 54. g4 Kf4 55. Rf5+ Ke4 56. a6
1-0

[Event "Sicilian Accelerated Dragon Tournament"]
[Site "SchemingMind.com"]
[Date "2009.09.04"]
[Round "-"]
[White "Schaakmaatje"]
[Black "echecs"]
[Result "0-1"]
[WhiteCountry "NED"]
[BlackCountry "ENG"]
[WhiteElo "1725"]
[WhiteRD "50"]
[BlackElo "1824"]
[BlackRD "60"]
[GameID "217979"]

1. e4 c5 2. Nf3 Nc6 3. d4 cxd4 4. Nxd4 g6 5. c4 Bg7 6. Be3 Nf6 7. Nc3 O-O 8. Be2 d6 9. O-O Bd7 10. Rc1 a6
11. f4 Qc8 12. Kh1 Ng4 13. Bg1 Nf6 14. Nd5 Qd8 15. Nxc6 Bxc6 16. Bb6 Qd7 17. Bf3 Ne8 18. b3 e6 19. Ne3 Bb2 20. Rc2 Ba3
21. c5 dxc5 22. Bxc5 Bxc5 23. Rxc5 Qxd1 24. Rxd1 Nf6 25. Rc4 Rfd8 26. Rcd4 Rdc8 27. Nc4 Rab8 28. Kg1 Kg7 29. Kf2 Re8 30. Na5 e5
31. fxe5 Rxe5 32. Nc4 Nxe4+ 33. Bxe4 Rxe4 34. Rxe4 Bxe4 35. Rd7 Bb1 36. a3 Bf5 37. Rc7 Be6 38. Nd2 h5 39. b4 Bd5 40. Rd7 Be6
41. Rc7 Kf6 42. Ne4+ Ke5 43. Ng5 Kf6 44. h4 Bd5 45. g3 Kg7 46. Rd7 Bc4 47. Ke3 b5 48. Kd4 Rb6 49. Ne4 Be6 50. Rd6 Rxd6+
51. Nxd6 f6 52. Kc5 g5 53. hxg5 fxg5 54. Kb6 h4 55. gxh4 gxh4 56. Kxa6 h3 57. Ne4 h2 58. Nf2 Bc4 59. Kb6 Kg6 60. Kc5 Be2
61. Nh1 Kg5
0-1

[Event "Sicilian Accelerated Dragon Tournament"]
[Site "SchemingMind.com"]
[Date "2009.09.04"]
[Round "-"]
[White "Schaakmaatje"]
[Black "chessleon"]
[Result "1-0"]
[WhiteCountry "NED"]
[BlackCountry "NED"]
[WhiteElo "1725"]
[WhiteRD "50"]
[BlackElo "1466"]
[BlackRD "80"]
[GameID "217980"]

1. e4 c5 2. Nf3 Nc6 3. d4 cxd4 4. Nxd4 g6 5. c4 Bg7 6. Be3 d6 7. Be2 Nf6 8. Nc3 Qa5 9. O-O O-O 10. f3 Bd7
11. Nd5 Nxd5 12. cxd5 Nxd4 13. Bxd4 Bxd4+ 14. Qxd4 Qc5 15. Qxc5 dxc5 16. e5 Rad8 17. a4 Bc8 18. Bc4 e6 19. d6 Bd7 20. b3 a6
21. f4 b5 22. Be2 bxa4 23. bxa4 Rb8 24. Bxa6 Rb4 25. a5 Ra8 26. Be2 Ra4 27. Rxa4 Bxa4 28. a6 Bd7 29. Rc1 Rc8 30. Bf3 Bc6
31. Rxc5
1-0

[Event "Sicilian Accelerated Dragon Tournament"]
[Site "SchemingMind.com"]
[Date "2009.09.04"]
[Round "-"]
[White "Schaakmaatje"]
[Black "Black Knight"]
[Result "1-0"]
[WhiteCountry "NED"]
[BlackCountry "USA"]
[WhiteElo "1725"]
[WhiteRD "50"]
[BlackElo "1406"]
[BlackRD "70"]
[GameID "217981"]

1. e4 c5 2. Nf3 Nc6 3. d4 cxd4 4. Nxd4 g6 5. c4 Bg7 6. Nb3 e5 7. c5 Nf6 8. Nc3 O-O 9. Be2 Qc7 10. Nd5 Nxd5
11. exd5 Nd4 12. Nxd4 exd4 13. Qc2 d6 14. c6 bxc6 15. dxc6 d5 16. O-O Bf5 17. Qc5
1-0

[Event "Sicilian Accelerated Dragon Tournament"]
[Site "SchemingMind.com"]
[Date "2009.09.04"]
[Round "-"]
[White "Schaakmaatje"]
[Black "alvaro"]
[Result "0-1"]
[WhiteCountry "NED"]
[BlackCountry "URU"]
[WhiteElo "1671"]
[WhiteRD "49"]
[BlackElo "1836"]
[BlackRD "71"]
[GameID "217982"]

1. e4 c5 2. Nf3 Nc6 3. d4 cxd4 4. Nxd4 g6 5. c4 Bg7 6. Nb3 Nf6 7. Nc3 e5 8. Be2 O-O 9. O-O d6 10. Be3 b6
11. f3 Be6 12. Nd5 Ne7 13. Qd2 Re8 14. Bg5 Nexd5 15. cxd5 Bd7 16. Rac1 a5 17. Qe3 Qb8 18. Rc3 Rc8 19. Rfc1 Rxc3 20. Rxc3 b5
21. Qc1 Ne8 22. Bh4 f6 23. Bf2 f5 24. Nd2 f4 25. Nf1= h5 26. g3 Qd8 27. Qe1 b4 28. Rc2 Bh3 29. Bb5 g5 30. a3 bxa3
31. bxa3 g4 32. Nd2 Nc7 33. Bb6 Qb8 34. Bxc7 Qxb5 35. Bxd6 Qd3 36. Rc4 gxf3 37. Qf2 Ra6 38. Bc7 h4 39. gxh4 Rg6+
0-1

[Event "Sicilian Accelerated Dragon Tournament"]
[Site "SchemingMind.com"]
[Date "2009.09.04"]
[Round "-"]
[White "XTC"]
[Black "Schaakmaatje"]
[Result "1/2-1/2"]
[WhiteCountry "COL"]
[BlackCountry "NED"]
[WhiteElo "1628"]
[WhiteRD "56"]
[BlackElo "1671"]
[BlackRD "49"]
[GameID "217983"]

1. e4 c5 2. Nf3 Nc6 3. d4 cxd4 4. Nxd4 g6 5. c4 Bg7 6. Nb3 d6 7. g3 Nf6 8. Bg2 O-O 9. O-O h6 10. Nc3 Bg4
11. f3 Be6 12. Nd5 Ne5 13. Nxf6+ exf6 14. c5 Bxb3 15. Qxb3 dxc5 16. Qxb7 Qd4+ 17. Kh1 Nd3 18. h4 Rfb8 19. Qc6 Rc8 20. Qb7 Rcb8
21. Qc6 Rc8 22. Qb7 Rcb8 23. Qc6=
1/2-1/2

[Event "Sicilian Accelerated Dragon Tournament"]
[Site "SchemingMind.com"]
[Date "2009.09.04"]
[Round "-"]
[White "echecs"]
[Black "Schaakmaatje"]
[Result "1-0"]
[WhiteCountry "ENG"]
[BlackCountry "NED"]
[WhiteElo "1816"]
[WhiteRD "58"]
[BlackElo "1671"]
[BlackRD "49"]
[GameID "217984"]

1. e4 c5 2. Nf3 Nc6 3. d4 cxd4 4. Nxd4 g6 5. c4 Bg7 6. Be3 d6 7. Nc3 Nf6 8. Be2 O-O 9. O-O a6 10. Rc1 Nxd4
11. Bxd4 Qa5 12. b3 Bd7 13. a4 Bc6 14. Nd5 Bxd5 15. cxd5 Nxe4 16. Bxg7 Kxg7 17. Qd4+ Nf6 18. Rfd1 Rac8 19. Bf3 Kg8 20. Qe3 Rxc1
21. Rxc1 Nxd5 22. Qd4 Nf6 23. Bxb7 Qg5 24. Re1 Rb8 25. Qa7 Nd7 26. Bxa6
1-0